00230nam a2200085Ia 4500008004100000100001500041245005300056260002700109300000800136201224s9999 xx 000 0 und d aHale, John 0a(The) Civilization of Euirope in the renaissance aLondonbHarper Collins a648